| 000 | 00365pab a2200145 454500 | ||
|---|---|---|---|
| 008 | 180718b2003 xxu||||| |||| 00| 0 eng d | ||
| 100 | _aDhameja, Nand | ||
| 245 | _aAudit committees for good governance Indian scenario | ||
| 260 | _c2003 | ||
| 300 | _ap.555-63. | ||
| 362 | _aJan-Mar | ||
| 650 | _aCorporate governance | ||
| 773 | _aProductivity | ||
| 909 | _a58651 | ||
| 999 |
_c58651 _d58651 |
||